Statistics for Countries with military bases in Djibouti

Click here to take the quiz!

General Stats

  • This quiz has been taken 102 times
  • The average score is 5 of 5

Answer Stats

ContinentCountry% Correct
North AmericaUnited States of America
100%
EuropeFrance
98%
AsiaChina
94%
EuropeItaly
92%
AsiaJapan
88%

Score Distribution

Percentile by Number Answered

Percent of People with Each Score

Your Score History

You have not taken this quiz